Complete casting handbook : metal casting processes metalurgy techniques and design (Record no. 193034)
[ view plain ]
| 000 -LEADER | |
|---|---|
| fixed length control field | 00480nam a2200157Ia 4500 |
| 005 - DATE AND TIME OF LATEST TRANSACTION | |
| control field | 20250227100807.0 |
| 008 - FIXED-LENGTH DATA ELEMENTS--GENERAL INFORMATION | |
| fixed length control field | 231217s9999 xx 000 0 und d |
| 020 ## - INTERNATIONAL STANDARD BOOK NUMBER | |
| International Standard Book Number | 9781856178099 |
| 082 ## - DEWEY DECIMAL CLASSIFICATION NUMBER | |
| Classification number | 671.2 CAM;1 R |
| 100 ## - MAIN ENTRY--PERSONAL NAME | |
| Personal name | Campbell, John. |
| 245 #0 - TITLE STATEMENT | |
| Title | Complete casting handbook : metal casting processes metalurgy techniques and design |
| 260 ## - PUBLICATION, DISTRIBUTION, ETC. (IMPRINT) | |
| Date of publication, distribution, etc. | 2011 |
| Name of publisher, distributor, etc. | Elsevier |
| Place of publication, distribution, etc. | Amsterdam |
| 300 ## - PHYSICAL DESCRIPTION | |
| Extent | xxxi, 1130 |
| 650 ## - SUBJECT ADDED ENTRY--TOPICAL TERM | |
| Topical term or geographic name as entry element | casting,metal,casting,metalurgy,techniques |
| 942 ## - ADDED ENTRY ELEMENTS (KOHA) | |
| Koha item type | Books |
| Date last seen | Total Checkouts | Full call number | Accession number | Old discount | Uniform Resource Identifier | Cost, replacement price | Price effective from | Category | Lost status | Damaged status | Department | Withdrawn status | bill no. | bill date | Permanent Location | Current Location | Shelving location | Entry date | Vendor | Cost, normal purchase price | Grants | Currency symbol | Conversion rate | Discount | Discount type |
|---|---|---|---|---|---|---|---|---|---|---|---|---|---|---|---|---|---|---|---|---|---|---|---|---|---|
| 26/01/2024 | 671.2 CAM;1 R | 79774 | 25 | digital/contents/79774.pdf | 5647.50 | 26/01/2024 | Books | Central Library | SIPHO/2011/CRB/1204 | 20/12/2016 | Central Library | Central Library | Central Library | 18/10/2011 | Surya Infotainment Products Pvt. Ltd. | 150.00 | ME/PG | USD | 50.2 | 37.5 | Rupees |
